Score 0/30 Timer 06:00
0 Plays Today
Rank City % Correct
1Stockholm
99.6%
3Malmö
96.6%
2Göteborg
96.2%
4Uppsala
83.6%
11Umeå
74.4%
5Linköping
72.9%
8Norrköping
70.5%
26Luleå
69.3%
10Jönköping
68.1%
9Helsingborg
66.7%
12Lund
66.2%
7Örebro
63.4%
21Karlstad
58.9%
6Västerås
58.8%
17Gävle
55.7%
Rank City % Correct
14Sundsvall
53.1%
18Halmstad
50.3%
22Växjö
50.1%
13Borås
47.1%
20Södertälje
46.1%
15Eskilstuna
38.3%
24Kristianstad
32.2%
28Skellefteå
31.6%
29Solna
30.9%
16Huddinge
19.2%
19Nacka
15.5%
27Kungsbacka
13.8%
23Botkyrka
11.3%
25Haninge
11.2%
30Järfälla
8.5%

You're not logged in!

Compare scores with friends on all Sporcle quizzes.
OR
Log In

Sporcle TV

Today on Sporcle TV


Watch our educational content, quiz creation guides, and fun videos on Sporcle TV.

Show Comments

Extras

Top Quizzes Today


Score Distribution

Paid Content

Your Account Isn't Verified!

In order to create a playlist on Sporcle, you need to verify the email address you used during registration. Go to your Sporcle Settings to finish the process.

Report this User

Report this user for behavior that violates our Community Guidelines.

Details: